| 000 | 00520nam a2200157Ia 4500 | ||
|---|---|---|---|
| 008 | 230907s9999||||xx |||||||||||||| ||und|| | ||
| 082 |
_a621.3124 _bRAZ |
||
| 100 |
_aMuhammad Hammad Raza Shah (NUST201463518MCES64114F) _9116385 |
||
| 245 | 0 | _aInorganic-Organic Nano Composite Hybrid Membrane for High Temperature PEM Fuel Cell / | |
| 260 |
_aUSPCAS-E, NUST, _bIslamabad : _c2018 |
||
| 300 | _a65 p. | ||
| 520 | _aTH-102 | ||
| 650 | _aMS-ESE Thesis MS Thesis | ||
| 700 |
_aDr Zuhair S. Khan _928871 |
||
| 942 |
_cTHE _2ddc |
||
| 999 |
_c601781 _d601781 |
||